000 00202nam a2200085 4500
001 1236832
005 20251002130839.0
245 _aKRİSTOF KOLOMB
_cSAMUEL E. MORISON
260 _bALTIN ÇOCUK KİTAPLARI
999 _c1236832
_d1236832